00630 2200217 4500001002100000005001500021035002000036007000300056008004100059020002200100082000800122084001400130100001500144245013300159250001100292260003600303300003400339990001300373990001300386990001300399INLIS00000000000833420251217052007 a0010-0322000353ta251217 g 0 ind  a978-623-228-001-4 a297 a297 UBA b0 aUbaidillah1 aBAHASA DIPLOMASI NABI MUHAMMAD SAW :bAnalisis Wacana Kritis Terhadap Surat - Surat Nabi Muhammad Kepada Para Raja /cUbaidillah acet. 1 aYogyakarta :bGraha Ilmu,c2019 a256 hlm :bilus ;c17 x 24 cm a022.7237 a022.7236 a022.7235